Statistics for Spring Songs

Click here to take the quiz!

General Stats

  • This quiz has been taken 17 times
  • The average score is 7 of 15

Answer Stats

ArtistSong% Correct
George HarrisonHere Comes The {Sun}
93%
Petula ClarkThe Other Man's {Grass} Is Always Greener
73%
Tiny TimTiptoe Thru' The {Tulips} With Me
73%
Al JolsonApril {Showers}
67%
The MoveFlowers In The {Rain}
60%
Mel BrooksSpringtime for {Hitler}
60%
Max BygravesTulips From {Amsterdam}
47%
The Andrews SistersI'll Be With You In Apple {Blossom} Time
40%
UndertonesHere Comes The {Summer}
33%
Florence and The MachineD{affodil}
27%
Divine ComedyPop Singers Fear Of The {Pollen} Count
27%
Donovan{Lullaby} Of Spring
13%
Luke BryanSpring {Break}-Up
13%
Blow MonkeysSpringtime For The {World}
13%
Johnny CashWhen It's Springtime In {Alaska}
13%

Score Distribution

Percentile by Number Answered

Percent of People with Each Score

Your Score History

You have not taken this quiz